LA BATALLA DEL ESPIRITU : (Registro nro. 57794)
[ vista simple ]
| 000 -LEADER | |
|---|---|
| fixed length control field | 00914nam a2200205 a 4500 |
| 001 - CONTROL NUMBER | |
| control field | 57794 |
| 005 - DATE AND TIME OF LATEST TRANSACTION | |
| control field | 20180714054129.0 |
| 008 - FIXED-LENGTH DATA ELEMENTS--GENERAL INFORMATION | |
| fixed length control field | 140415s1992 mx 000 0 spa d |
| 020 ## - INTERNATIONAL STANDARD BOOK NUMBER | |
| International Standard Book Number | 9682940524 |
| 041 ## - LANGUAGE CODE | |
| Language code of text/sound track or separate title | spa |
| 082 ## - DEWEY DECIMAL CLASSIFICATION NUMBER | |
| Classification number | 972 |
| Item number | SER |
| 100 1# - MAIN ENTRY--PERSONAL NAME | |
| Personal name | SERRANO ALVAREZ, PABLO |
| 245 13 - TITLE STATEMENT | |
| Title | LA BATALLA DEL ESPIRITU : |
| Remainder of title | EL MOVIMIENTO SINARQUISTA EN EL BAJIO (1932-1951) |
| 250 ## - EDITION STATEMENT | |
| Edition statement | 1a ed. |
| 260 ## - PUBLICATION, DISTRIBUTION, ETC. | |
| Place of publication, distribution, etc. | MEXICO : |
| Name of publisher, distributor, etc. | CONSEJO NACIONAL PARA LA CULTURA Y LAS ARTES, |
| Date of publication, distribution, etc. | 1992 |
| 300 ## - PHYSICAL DESCRIPTION | |
| Extent | 172 |
| Dimensions | 13.5 x 1.8 x 21 |
| 490 ## - SERIES STATEMENT | |
| Series statement | REGIONES |
| 520 ## - SUMMARY, ETC. | |
| Summary, etc. | A PRESENTE OBRA REGOGE LA INFORMACIŇN DE FUENTES DE PRIMERA MANO NUNCA ANTES CONSULTADAS Y CONSTITUYE UN MINUCIOSO RELATO Y UN ANALISIS DETENIDO DE LOS AVATARES DE AQUELL SUERTE DE CRUZADA REGIONAL QUE SEGURAMENTE ARROJARÁN NUEVAS LUCES SOBRE LA HISTORIA DEL SINARQUISMO |
| 650 14 - SUBJECT ADDED ENTRY--TOPICAL TERM | |
| Topical term or geographic name entry element | MEXICO |
| General subdivision | POLITICA Y GOBIERNO |
| -- | 1910 |
| -- | 1946 |
| -- | BAJIO (MEXICO) |
| -- | HISTORIA |
| Withdrawn status | Lost status | Source of classification or shelving scheme | Damaged status | Not for loan | Collection code | Home library | Current library | Shelving location | Date acquired | Source of acquisition | Inventory number | Total Checkouts | Full call number | Barcode | Date last seen | Price effective from | Koha item type |
|---|---|---|---|---|---|---|---|---|---|---|---|---|---|---|---|---|---|
| Dewey Decimal Classification | General | Biblioteca Karol Wojtyla | Biblioteca Karol Wojtyla | Sala general | 03/12/2013 | Compra | 151000000000000000035538 | 972 SER | 87277 | 05/01/2026 | 03/12/2013 | Libro | |||||
| Dewey Decimal Classification | General | Biblioteca Karol Wojtyla | Biblioteca Karol Wojtyla | Sala general | 03/12/2013 | Compra | 151000000000000000035539 | 972 SER | 87278 | 05/01/2026 | 03/12/2013 | Libro |